Top 50 football national teams: 1992 - Statistics

General Stats
  • This quiz has been taken 78 times
  • The average score is 40 of 50
Answer Stats
# Team % Correct
10 Argentina
97%
3 Brazil
97%
19 France
97%
35 Colombia
96%
5 England
96%
1 Germany
96%
2 Italy
95%
33 Portugal
95%
8 Russia
95%
15 Spain
93%
4 Sweden
93%
17 Belgium
92%
25 Mexico
92%
7 Netherlands
92%
31 Greece
91%
6 Ireland
91%
24 United States
91%
16 Uruguay
91%
47 Chile
88%
9 Denmark
88%
21 Egypt
88%
14 Norway
88%
23 Scotland
88%
13 Nigeria
87%
20 Poland
87%
42 Turkey
85%
49 South Korea
84%
12 Switzerland
84%
28 Wales
84%
45 Australia
83%
34 Austria
83%
11 Romania
81%
29 Yugoslavia
81%
26 Bulgaria
80%
41 Morocco
79%
22 Cameroon
77%
30 Algeria
76%
36 Hungary
76%
44 Finland
75%
43 Northern Ireland
67%
18 Czechoslovakia
65%
38 Tunisia
65%
39 Ghana
64%
48 Saudi Arabia
60%
27 Ivory Coast
59%
37 Costa Rica
55%
46 Iceland
49%
40 Honduras
44%
50 El Salvador
32%
32 Zambia
23%
No matching quizzes found
Score Distribution
Percent of People with Each Score
Percentile by Number Answered
Your Score History
You have not taken this quiz